000
00395nam a2200133Ia 4500
008
151001s9999||||xx |||||||||||||| ||und||
100
_a
शिवाजी शेटे
245
_a
रोज रात्री वारा वाजता
250
_a
1
260
_b
"मित्र समाज प्रकाशन, गोवा"
260
_c
2013
300
_a
232
365
_b
18
999
_c
999731
_d
999728